| 000 | nam a22 7a 4500 | ||
|---|---|---|---|
| 999 |
_c127961 _d127961 |
||
| 008 | 180423b xxu||||| |||| 00| 0 eng d | ||
| 050 | _aBX1682.M63 G635 | ||
| 100 |
_aGoncalves, Jaime Pedro _941589 |
||
| 245 |
_aA paz dos Mocambicanos _c\by Jaime Pedro Goncalves |
||
| 260 |
_aBeira,Janeiro de: _bCiedima, Lda, _c2014 |
||
| 300 |
_a153p.; _c24cm. |
||
| 650 |
_aCatholic church in Mozambique _941586 |
||
| 942 |
_2lcc _cMONOGRAPH |
||